00670pam a2200229 a 4500001000800000005001700008008004100025010001700066020002500083040001800108041000800126080001400134082001800148100000700166101000800173245004000181504003200221906004500253942001200298999001700310952011300327144257820180103073411.0850621s1985 nyu b 001 0 eng  a 85015864  a0816011605 :c$12.95 aDLCcDLCdDLC aeng a651.3 BOO00a651.3 BOO2191 a53 aMEN14aThe new secretary :cDianna Booher. aBibliography: p. [320]-329. a7bcbccorignewd1eocipf19gy-gencatlg 2ddccBK c39637d39637 00102udc40708PËKGa002b002cPËKGd2018-01-03l0o651.3 BOOp002-2994070r2018-01-03w2018-01-03yBK